Management of low-cost airlines bakalárska práca

Gespeichert in:
Bibliographische Detailangaben
1. Verfasser: Bačo, Karol
Körperschaft: Podnikovohospodárska fakulta EU so sídlom v Košiciach. Katedra manažmentu
Weitere Verfasser: Andrejkovič, Marek
Format: Buch
Sprache:Englisch
Veröffentlicht: Košice 2010
Tags: Tag hinzufügen
Keine Tags, Fügen Sie das erste Tag hinzu!

MARC

LEADER 00000nbm a2200000 4500
001 0132861
005 20170315103733.7
041 0 |a eng 
044 |a SK 
245 1 0 |a Management of low-cost airlines  |b bakalárska práca  |c Karol Bačo ; školiteľ:Marek Andrejkovič 
264 1 |a Košice  |c 2010 
300 |a 77 s. 
100 1 |a Bačo, Karol 
700 1 |a Andrejkovič, Marek 
710 2 |a Podnikovohospodárska fakulta EU so sídlom v Košiciach. Katedra manažmentu